Statistiques concernant 10 meilleurs joueurs de tennis Russes actuels

Cliquez ici pour prendre le quiz!

Statistiques générales

  • Ce quiz a été pris 128 fois
  • Le résultat moyen est 4 sur 10

Statistiques - réponses

Pos.Class.Joueurs% Correct
12Medvedev
100%
26Rublev
97%
430Khachanov
81%
315Karatsev
73%
5149Safiullin
39%
7223Kotov
16%
6186Donskoy
15%
8261Kuznetsov
6%
10278Karlovskiy
2%
9277Tiurnev
2%

Distribution des résultats

Percentile par nombre de réponses

% des personnes avec chaque résultat

Votre développement - résultats

Vous n’avez pas pris ce quiz